[Event "EU-chT (Men) 11th"]
[Site "Pula"]
[Date "1997.05.??"]
[Round "6.1"]
[White "Antunes, Antonio"]
[Black "Cvitan, Ognjen"]
[Result "0-1"]
[WhiteElo "2510"]
[BlackElo "2550"]
[Annotator "Tisdall,J"]
[PlyCount "116"]
[EventDate "1997.05.05"]
[EventType "team-swiss"]
[EventRounds "9"]
[EventCountry "CRO"]
[SourceTitle "CBM 057 Extra"]
[Source "ChessBase"]
[SourceDate "1997.05.01"]
[SourceVersion "1"]
[SourceVersionDate "1997.05.01"]
[SourceQuality "1"]
[WhiteTeam "Portugal"]
[BlackTeam "Croatia II"]
[WhiteTeamCountry "POR"]
[BlackTeamCountry "CRO"]

1. d4 Nf6 2. Nf3 e6 3. c4 b6 4. g3 Bb7 5. Bg2 Bb4+ 6. Bd2 Bxd2+ 7. Nbxd2 O-O 8.
O-O c5 9. Re1 (9. dxc5 bxc5 10. Qc2 Nc6 (10... Qb6 11. Rac1 Nc6 12. e3 h6 13.
Rfd1 Rfd8 14. Qb1 Rab8 15. h3 d6 16. b3 Nb4 17. a3 Nc6 18. Qc2 Ne7 $11 {
1/2-1/2 Barbero,G-Prie,E/Lugano op 1989 (42)}) 11. Ne4 Nxe4 12. Qxe4 d6 13.
Rad1 Qe7 14. Qe3 Rfd8 15. Rd2 h6 16. Rfd1 Rd7 17. h4 Rad8 18. h5 Ba8 19. g4 $13
{Farago,I-Groszpeter,A/HUN-ch 1986/1-0 (45)}) 9... cxd4 10. Nb3 $6 {An attempt
to keep some more material on the board, but the knight never finds a decent
employment from this square.} (10. Nxd4 Bxg2 11. Kxg2 Nc6 12. Nxc6 dxc6 13. Nf3
Qc7 {1/2-1/2 Ribli,Z-Dorfman,J/Polanica Zdroj 1993}) 10... Qc7 11. Qxd4 Nc6 12.
Qh4 Ne7 13. Rac1 d6 14. Nfd4 Bxg2 15. Kxg2 a6 $15 {[%csl Rb3] Although this
may not look like a terribly exciting position, Black holds most of the
positional trumps here. He has the typical breaks with ...b5 or ...d5 and
white's queen and knights are not well placed.} 16. Kg1 Rac8 17. Qh3 Qd7 18.
Nd2 Rc7 {Simple and strong - black quietly improves his position and prepares
the breaks b5/d5 with even more force.} 19. b3 Rfc8 {[%csl Gb5,Gd5][%cal Gc8c1]
} 20. Red1 {was more likely played!} (20. Rcd1 {is given in the gamescore, but
this must be a mistake, as will soon become clear.} h6 21. Qg2 d5 22. Ra1 e5
23. Nc2 Qe6 24. Ne3 Rc6 25. a4 b5 26. axb5 axb5 27. cxd5 Nexd5 28. Nxd5 Nxd5
29. Ne4 Nb4 30. g4 Nc2 {This clearly did not happen.} 31. Ra7 Nd4 32. e3 Rc1
33. Ra1 Nxb3 34. Raxc1 Rxc1 35. Rxc1 Nxc1 36. h3 Qc6 37. g5 hxg5 38. Qg4 f6 39.
Ng3 g6 40. Qd1 b4 41. Ne4 Kf7 42. Qd8 b3 43. Nd6+ Ke6 44. Nc4 Ne2+ 45. Kh2 Nc3
46. Qd3 Ne4 47. Qxb3 Nxf2 48. Nxe5+ Kxe5 49. Qb2+ Ke4 50. Qxf2 Kd3 51. Qe1 Qc3
52. Qg1 Qe5+ 53. Kh1 Qe4+ 54. Kh2 Ke2 55. Qc1 Qe5+ 56. Kg2 Qd5+ 57. Kh2 Qd2 58.
Qc6 Kxe3+) 20... h6 21. Qg2 d5 22. Ra1 e5 23. Nc2 Qe6 24. Ne3 Rc6 $1 {A nice
waiting, prophylactic move. Black covers the d6 square, and waits to see if he
can provoke another weakness before taking action. The direct} (24... b5 25.
cxd5 Nexd5 26. Nxd5 Nxd5 27. Ne4 {[%csl Rd5,Rd6] /\ Rxd5, Nf6+} Nc3 28. Nxc3
Rxc3 29. Qe4 {allows white to lessen the pressure.}) 25. a4 (25. cxd5 Nexd5 26.
Nxd5 Nxd5 27. Ne4 (27. Nc4 Nc3 28. Rd2 b5 $17) 27... Nb4 {allows black to
maintain pressure since he controls the d6-square.}) 25... b5 $1 {[%csl Rb3]
Although white has managed to attach some pawn simplifications to this move, a
serious weakness on b3 will remain.} 26. axb5 axb5 27. cxd5 (27. cxb5 Rb6 28.
Ra5 Rcb8 29. Rda1 Rxb5 30. Rxb5 Rxb5 31. Ra8+ Kh7 32. h3 Nc6 $17 {[%csl Rb3,
Rd2] black's advantage is obvious - more space, more active pieces and an easy
target on b3.}) 27... Nexd5 28. Nxd5 Nxd5 29. Ne4 Nb4 $17 30. g4 {White tries
to maintain his knight on e4, and hinders further expansion with ...f5/...e4.}
Nc2 (30... Qxb3 $2 31. Nd6 {/\ Rdb1}) 31. Ra7 Nd4 32. e3 Rc1 $1 33. Ra1 Nxb3
34. Raxc1 Rxc1 35. Rxc1 Nxc1 36. h3 (36. Nc5 Qc8 $1) 36... Qc6 37. g5 $5 (37.
f3 Nd3 38. Qe2 Qc1+ 39. Kg2 Qb2 $19) 37... hxg5 38. Qg4 f6 39. Ng3 g6 (39...
Nd3) 40. Qd1 b4 41. Ne4 Kf7 42. Qd8 $1 b3 $2 {The queen ending after} (42...
Qxe4 43. Qc7+ $17 (43. Qd7+ Kg8 44. Qc8+ Kh7 45. Qxc1 Qb7 $19) 43... Kf8 44.
Qxc1 Qb7 $19 {should be the simplest way to win.}) 43. Nd6+ Ke6 44. Nc4 $1 (44.
Ne8 b2 $19) 44... Ne2+ 45. Kh2 Nc3 (45... Qxc4 $4 46. Qg8+) (45... b2 $2 46.
Nxb2 Qc1 47. Qe8+ $11) (45... e4 46. Na5 Qd6+ 47. Qxd6+ Kxd6 48. Nxb3 Kd5 49.
Kg2 $17) 46. Qd3 (46. Na5 $17) 46... Ne4 47. Qxb3 (47. Kg1 $5 Qd5 (47... b2 48.
Nxb2 Qc1+ 49. Kg2 Nxf2 $4 50. Qb3+) (47... Qb7 48. f3 $5) (47... Nd6 48. Nxd6
Qc1+ 49. Kg2 b2 50. Ne4 $11) 48. Qxb3 Nd6 49. Nd2 Qxb3 50. Nxb3 Kd5 $17) 47...
Nxf2 $19 48. Nxe5+ Kxe5 49. Qb2+ Ke4 50. Qxf2 Kd3 $1 51. Qe1 (51. Kg3 Qd6+ 52.
Kg2 Qd5+ 53. Kg1 Qe5 54. Kg2 Qe4+ $19 55. Kh2 Qxe3 56. Qxf6 Qf4+) 51... Qc3 52.
Qg1 Qe5+ $1 (52... Qd2+ 53. Kh1 Qxe3 54. Qb1+ $1 (54. Qf1+ Ke4 55. Qxf6 Qf3+)
54... Kc4 55. Qf1+ Qd3 56. Qxf6 Qxh3+ 57. Kg1 Qg3+ 58. Kh1 Qh4+ 59. Kg2 Qg4+
60. Kh1 Qe4+ $19) 53. Kh1 Qe4+ 54. Kh2 Ke2 $1 {Black methodically avoids
complications and prolonged checking sequences.} 55. Qc1 Qe5+ 56. Kg2 Qd5+ 57.
Kh2 Qd2 58. Qc6 Kxe3+ 0-1

[Event "Tata Steel-B 75th"]
[Site "Wijk aan Zee"]
[Date "2013.01.15"]
[Round "4"]
[White "Nikolic, Predrag"]
[Black "Tiviakov, Sergei"]
[Result "0-1"]
[WhiteElo "2619"]
[BlackElo "2655"]
[Annotator "Tiviakov,S"]
[PlyCount "80"]
[EventDate "2013.01.12"]
[EventType "tourn"]
[EventRounds "13"]
[EventCountry "NED"]
[EventCategory "15"]
[SourceTitle "CBM 153"]
[Source "ChessBase"]
[SourceDate "2013.03.14"]
[SourceVersion "1"]
[SourceVersionDate "2013.03.14"]
[SourceQuality "1"]

1. d4 Nf6 2. c4 e6 3. Nf3 b6 4. g3 Bb4+ 5. Nbd2 Bb7 6. Bg2 O-O 7. O-O d5 8.
cxd5 exd5 9. Ne5 Re8 10. Ndf3 Bd6 11. Bg5 (11. Bf4 Nbd7 (11... c5 12. e3 (12.
Rc1 Ne4 13. h4 f6 14. Ng4 h5 15. Ngh2 Bxf4 16. gxf4 Qe7 17. e3 Na6 18. Re1 Rad8
19. Nf1 {1/2-1/2 Sakaev,K-Balashov,Y/Ekaterinburg 2002/CBM 090 (19)}) 12... Ne4
13. h4 f6 14. Nd3 Bf8 15. Bxb8 Rxb8 16. Nf4 c4 17. Nd2 Nxd2 18. Qxd2 b5 19. h5
b4 20. Qc2 Qd6 21. Rfc1 Rbd8 22. b3 c3 23. a3 bxa3 24. Qxc3 Rc8 25. Qa5 Rxc1+
26. Rxc1 Rd8 27. Ne6 Rd7 28. Nc5 Rc7 29. Qxa3 Bc6 30. Qa6 Kf7 31. Nd3 Ke8 32.
Qa5 Be7 33. Bxd5 {1-0 Grachev,B-Bartel,M/Lublin 2009/CBM 131 (33)}) (11... Na6
12. Nd3 Bf8 13. Bg5 h6 14. Bxf6 Qxf6 15. e3 c5 16. Nfe5 Bd6 17. Qa4 Nc7 18. Nf3
a5 19. Rfd1 b5 20. Qc2 c4 21. Nf4 Bxf4 22. gxf4 Bc8 23. Kh1 Bf5 24. Qe2 Bg4 25.
Qd2 Qe6 26. Rg1 b4 27. Rae1 Rad8 28. Ne5 Bf5 29. Bf3 Nb5 30. Rg3 Kh8 31. Reg1
Rg8 32. Qd1 Nd6 33. Bg4 Be4+ 34. f3 Bf5 35. Qd2 Rc8 36. Qg2 c3 37. b3 c2 38.
Qd2 Rc3 39. Qc1 Ra8 40. R3g2 Rac8 41. Bxf5 Nxf5 42. e4 Ne3 43. Rxg7 Rf8 44.
R7g3 Rfc8 45. f5 Qf6 46. Ng4 Nxg4 47. Rxg4 dxe4 48. fxe4 Rh3 49. Qd2 Kh7 50.
R4g2 Qh4 51. Qxc2 Rhc3 52. Rg7+ Kh8 53. Qg2 {1-0 L'Ami,E-Gerigk,E/Germany 2009/
CBM 132 Extra (53)}) 12. Rc1 Nf8 13. Nc6 Qd7 (13... Bxc6 14. Rxc6 Qd7 15. Rc2
Bxf4 16. gxf4 c5 17. dxc5 bxc5 18. e3 Rac8 19. Ne5 Qf5 20. Rd2 Ng6 21. Nxg6
Qxg6 22. Qf3 Rcd8 23. Rfd1 d4 24. Qg3 Qf5 {1/2-1/2 Pavlovic,M-Kosic,D/Belgrade
2008/CBM 123 Extra (24)}) 14. Nfe5 Qe6 15. b4 a6 16. e3 Ng6 17. Nxg6 hxg6 18.
Bxd6 cxd6 19. a4 Rec8 20. b5 axb5 21. axb5 Qd7 22. Qb3 Bxc6 23. bxc6 Rxc6 24.
Bxd5 Nxd5 25. Qxd5 Rac8 26. Rb1 Qe6 27. Qxe6 fxe6 28. d5 exd5 29. Rfd1 Kf7 30.
Rxd5 Ke6 31. Rg5 Rc1+ 32. Rxc1 Rxc1+ 33. Kg2 Rc7 34. Rxg6+ Kd5 35. Kf3 b5 36.
Rg4 Kc5 37. Ke2 Ra7 38. h4 Ra2+ 39. Kf3 Ra7 40. h5 Rf7+ 41. Rf4 Rc7 42. Ke2 b4
43. Kd3 Kb5 44. Rf8 b3 45. g4 Kb4 46. Rb8+ Ka3 47. f4 b2 48. g5 Rc8 49. Rb6 Rc6
50. Rb7 Rc7 51. Rb8 {1/2-1/2 Koziak,V-Belichev,N/Polanica Zdroj 1998/EXT 2003 
(51)}) (11. b3 Nbd7 (11... Ne4 12. Bb2 f6 13. Nd3 Qe7 14. Rc1 Nd7 15. b4 c6 16.
Qb3 Qf7 17. Rc2 a5 18. a3 axb4 19. axb4 b5 20. Nc5 Nb6 21. Bc1 Nc4 22. Ne1 Bc8
23. Ned3 Bf5 24. f3 Nxc5 25. bxc5 Bc7 26. Ra2 Rxa2 27. Qxa2 Bxd3 28. exd3 Ne3
29. Bxe3 Rxe3 30. Qa8+ Qe8 31. Qxe8+ Rxe8 32. Ra1 f5 33. Ra6 Re6 34. Bh3 g6 35.
g4 Bf4 36. gxf5 gxf5 37. Bxf5 Be3+ 38. Kg2 Rf6 39. Bd7 Bxd4 40. Bxc6 Rf5 41.
Rb6 Bxc5 42. Rxb5 Rg5+ 43. Kh3 Bd6 44. Bxd5+ Kf8 45. d4 h6 46. Ra5 Rh5+ 47. Kg4
Rg5+ 48. Kh4 Bxh2 49. Ra8+ Kg7 50. Be4 Bg3+ 51. Kh3 Bd6 52. Ra6 Rh5+ 53. Kg2
Bf4 54. d5 Rh2+ 55. Kf1 Rd2 56. Rg6+ Kf7 57. Rg4 Be3 58. Bh7 Rf2+ 59. Ke1 Rxf3
60. Ke2 Rf4 61. Rg8 Bc5 62. Rc8 Bd6 63. Bg8+ Ke7 64. Ra8 h5 65. Ra7+ Kf6 66.
Rd7 Ke5 67. Rh7 h4 68. Rh6 Bf8 69. Rh5+ Kf6 70. Ke3 Rb4 71. Be6 Bc5+ 72. Kd3
Rd4+ 73. Kc3 Rf4 74. Rh7 Ke5 75. Rh6 Bf8 76. Rh7 {1/2-1/2 Koziak,V-Navrotescu,
C/Guingamp 2012/EXT 2013 (76)}) 12. Bb2 Bxe5 13. Nxe5 Nxe5 14. dxe5 Ng4 15. e4
Nxe5 16. exd5 Qd6 17. Qd4 c5 18. Qc3 f6 19. Rad1 Rad8 20. Rfe1 Ng6 21. Rxe8+
Rxe8 22. Qc4 a6 23. h4 b5 24. Qd3 Ne5 25. Qc2 Re7 26. Ba3 Rc7 27. Be4 f5 28.
Bxf5 Bxd5 29. Qe2 Re7 30. f4 Nc4 31. Bxh7+ Kxh7 32. Qh5+ Qh6 33. Qxh6+ Kxh6 34.
Bxc5 Rd7 35. bxc4 bxc4 36. a3 Kh5 37. Bb4 g6 38. Re1 Bb7 39. Kf2 Rd5 40. Re5+
Kg4 41. Rg5+ Rxg5 42. hxg5 c3 43. Bxc3 Bc8 44. Be1 Bf5 45. Ke3 Bb1 46. Kd4 Bf5
47. Ke5 Bc2 48. Kf6 Bd3 49. a4 Bc2 50. a5 Bd3 51. Bf2 Bc2 52. Ke5 Bd3 {1/2-1/2
Wang Rui-Li Ruofan/Kuala Lumpur 2007/CBM 120 ext (52)}) 11... c5 $146 (11... h6
12. Bf4 (12. Bxf6 Qxf6 13. Re1 (13. Bh3 Nc6 14. Bd7 Nxe5 15. dxe5 Rxe5 16. Nxe5
Bxe5 17. Qc2 Rd8 18. Bg4 Bxb2 19. Qxc7 Bc8 20. Bxc8 Bxa1 21. Ba6 Bd4 22. Qxa7
Qe5 23. e3 Bc5 24. Rd1 d4 25. Bc4 Qf6 26. Rd2 g6 27. Qc7 Kg7 28. Kg2 Rd6 29. e4
Rd8 30. Bxf7 Bd6 31. Qxb6 Kxf7 32. Rxd4 Qe7 33. Qb3+ Kg7 34. Qd3 Bc7 35. f4
Rxd4 36. Qxd4+ Kh7 37. a4 Ba5 38. Qd5 Bb4 39. Kf3 Qc7 40. h4 Qc3+ 41. Kg2 Bf8
42. h5 gxh5 43. Qf5+ Kg7 44. Qd7+ Kh8 45. Qd8 Qg7 46. Kh2 Qb2+ 47. Kh3 Qb4 48.
a5 Kg7 49. Qd7+ Kh8 50. Qe8 Kg7 51. Qe5+ Kh7 52. Qd5 Qe1 53. e5 Qf1+ 54. Qg2
Qc4 55. Qb7+ Kg8 56. Qa8 Qf1+ 57. Qg2 Qb5 58. Qa2+ Kh8 59. Kh2 Qf1 60. Qg2 Qa6
61. Qd2 Qc4 62. Qb2 Kg8 63. Qg2 h4 64. gxh4+ Kh8 65. Qd2 Be7 66. h5 Qf7 67. Kg2
Qxh5 68. Qd7 Bf8 69. Kg3 Qg6+ 70. Kf3 Qa6 71. Qf7 Bg7 72. e6 Qd3+ 73. Kg4 Qd5
74. Kg3 Qxa5 75. e7 Qe1+ 76. Kf3 Qf1+ 77. Ke3 Qh3+ 78. Ke4 Qg2+ 79. Kd3 {
1/2-1/2 Tao 5.4-Aristarch 4.4/Brussels BEL 2002/Inforbase 2011 (79)}) (13. Rc1
Qe6 14. Qa4 f6 15. Bh3 Qe7 16. Nd3 c6 17. Bf5 Qxe2 18. Rfe1 Qxf3 19. Rxe8+ Kf7
20. Qc2 Qxf5 21. Ne5+ fxe5 22. Qxf5+ Kxe8 23. Qg6+ Kd7 24. Qxg7+ Be7 25. dxe5
Na6 26. f4 Re8 27. f5 Kc8 28. f6 Bb4 29. f7 Rf8 30. e6 Be7 31. Qxh6 Nc5 32. Rc2
Ne4 33. Qf4 c5 34. Re2 Bc6 35. Qf3 Ng5 36. Qf5 Ne4 37. Re1 Kb7 38. g4 a6 39. b3
Bh4 40. Re2 Be7 41. Kg2 Nc3 42. Re5 d4+ 43. Kg1 Rd8 44. Qh7 Rf8 45. g5 a5 46.
h4 a4 47. g6 d3 48. Qh6 axb3 49. axb3 Rd8 50. g7 d2 51. Qxd2 Rxd2 52. f8=Q Ne2+
53. Kf1 Bxf8 54. gxf8=Q Nc1 55. Re3 Bb5+ 56. Ke1 Rd4 57. Qf3+ Ka7 58. e7 Be8
59. Qf8 Bb5 60. e8=Q {1-0 Little Goliath 2000 v3.8-Pharaon 2.62/UEL93
Div-Elite 25m5s Paul de Man 2002/Computer & Internet 2011 (60)}) 13... Na6 (
13... Nc6 14. Nxc6 Bxc6 $11) (13... c5 $15) 14. Rc1 c5 15. e3 Nc7 16. b3 Ne6
17. h4 Rac8 18. Qd3 Rc7 19. Rc2 Rec8 20. Rec1 a6 21. a4 Re8 22. Nh2 Qe7 23. f4
cxd4 24. exd4 Rec8 25. Rxc7 Rxc7 26. Rxc7 Qxc7 27. Nhg4 {1/2-1/2 Costa,
G-Bocharov,D/Biel 2005/CBM 107 ext (27)}) 12... Nh5 (12... g5 13. Be3 c5 14. h3
Qe7 15. Rc1 Nc6 16. Nxc6 Bxc6 17. Nh2 Rad8 18. dxc5 bxc5 19. Re1 Bd7 20. b3 Bb5
21. Bf3 c4 22. Bd4 Bb4 23. Rf1 a5 24. Qc2 Rd6 25. Rfd1 cxb3 26. Qxb3 Bc4 27.
Qc2 Rc6 28. Ng4 Nxg4 29. Bxg4 a4 30. Rb1 Rb8 31. e3 a3 32. Bf5 Rb5 33. Rdc1 Bd6
34. f4 Qc7 35. Qa4 Ra5 36. Qd1 Bc5 37. Be5 Bd6 38. Bc3 Bc5 39. Bxa5 Bxe3+ 40.
Kh2 Qxa5 41. Rc2 Qc7 42. fxg5 Qe5 43. Bd7 Rg6 44. Qf3 Bxg5 45. Qxa3 h5 46. Qc3
Bf4 47. Qxe5 Bxe5 48. a4 Bxg3+ 49. Kh1 Bd3 50. Rc8+ Kg7 51. Rb3 Be4+ 52. Kg1 d4
53. Bb5 Bh2+ 54. Kf1 Rg1+ 55. Ke2 Rg2+ 56. Ke1 Rg1+ 57. Kf2 Rg2+ 58. Ke1 Rg1+
59. Kf2 Rg2+ 60. Ke1 {1/2-1/2 Thinker v4.7a-SmarThink v0.17a/Duisburg 2004/
Computer & Internet 2011 (60)}) 13. Be3 Nd7 14. Nxd7 Qxd7 15. Qd2 Nf6 16. b4
Ba6 17. a4 Ng4 18. b5 Nxe3 19. fxe3 Bb7 20. Nh4 Be7 21. Nf5 Bg5 22. Ra3 g6 23.
h4 gxf5 24. hxg5 hxg5 25. Rc3 Re7 26. e4 f4 27. gxf4 dxe4 28. Rg3 Qd6 29. Rxg5+
Kf8 30. Rh5 Qg6 31. Rg5 Qh6 32. Qe1 a6 33. Qg3 Qh8 34. e3 axb5 35. axb5 f6 36.
Rg4 Ra5 37. Rh4 Rh7 38. Rxh7 Qxh7 39. f5 Bd5 40. Rc1 Ra7 41. Qf4 Qg7 42. Kf1
Qg5 43. Qxg5 fxg5 44. Bh3 Ke7 45. Rc2 Bb3 46. Rc6 Ba4 47. Re6+ Kf7 48. Kf2 Bxb5
49. Rxe4 Bc4 50. Re5 Ra3 51. Bg4 Ra2+ 52. Kg3 Kf6 53. Re8 Ra3 54. Kf2 Ra2+ 55.
Kf3 Bf7 56. Re5 Ra3 57. Rb5 Bc4 58. Re5 c5 59. Ke4 cxd4 60. exd4 Ra1 61. Kf3
Rd1 62. Re8 Bd5+ 63. Kg3 Rd3+ 64. Kf2 Rxd4 65. Kg3 b5 66. Rf8+ Ke7 67. Rb8 b4
68. Rb6 Kd7 69. Rg6 b3 70. Rg7+ Kd6 71. Rg6+ Kc5 72. f6 Rd3+ 73. Kh2 b2 74. f7
Bxf7 75. Rxg5+ Bd5 76. Bf3 b1=Q {0-1 EnginMax 4.20-Pharaon 2.6/Bruxelles 2002/
Computer & Internet 2011 (76)}) 12. Rc1 (12. Qa4 Nbd7 $11) (12. Ng4 Nbd7 $11) (
12. Bxf6 Qxf6 13. e3 Nc6 $15) (12. e3 h6 13. Bxf6 Qxf6 $15) 12... h6 13. Bxf6 (
13. Bf4 g5 $5 14. Be3 (14. Bd2 cxd4 15. Nd3 Nc6 $15) 14... Qe7 $13 (14... g4
15. Nh4 cxd4 16. Nxf7 Kxf7 17. Bxd4 Nbd7 18. f3 $44)) 13... Qxf6 14. Ng4 (14.
e3 Na6 $5 (14... Re7 $5) (14... Nc6 15. Nxc6 Bxc6 16. dxc5 bxc5 17. b4 $11) (
14... Qe7 $5)) (14. Qa4 Qe7 (14... Qd8) (14... Re7)) 14... Qe6 15. dxc5 (15.
Ne3 Nc6 $1 16. dxc5 Bxc5 17. Nxd5 (17. Qxd5 Qxd5 18. Nxd5 Rxe2 $17) 17... Qxe2
$15) 15... bxc5 (15... Bxc5 16. Nge5 $11) 16. Ne3 (16. Qb3 Bc6 17. Ne3 Nd7 $15)
16... Nd7 (16... Na6 $5) 17. b4 $1 (17. Nd2 Nf6 $15) 17... Rad8 (17... cxb4 18.
Nd4 Qe5 19. Nc6 Bxc6 20. Rxc6 $11) (17... Rac8 $142 18. Qa4 (18. bxc5 Bxc5 19.
Nd4 Qe5 $15) 18... d4 $15) 18. Qa4 (18. bxc5 Bxc5 19. Nd4 Qf6 $15) 18... d4 (
18... Bf8 19. bxc5 (19. Qxa7 d4 20. Qxb7 (20. Nc4 Bd5 $17) 20... dxe3 $15)
19... Bxc5 20. Nd4 Qf6 $11) 19. bxc5 $6 (19. Nc4 $142 Nb6 (19... Bxf3 20. Bxf3
cxb4 21. Qxa7 Bc5 $11) 20. Qb5 (20. Qxa7 Bxf3 21. Qxb6 Bxg2 22. Kxg2 Qd5+ 23.
Kg1 cxb4 $15) (20. Nxb6 axb6 (20... Bxf3 21. Bxf3 axb6 $11) 21. Nxd4 cxd4 22.
Bxb7 Qxe2 23. Ba6 $11) 20... Bxf3 21. Bxf3 cxb4 22. Nxb6 Rb8 $11) 19... dxe3
20. cxd6 exf2+ 21. Rxf2 Nf6 (21... Qxd6 22. Qxa7 Be4 $44) 22. Qxa7 (22. Rc7 Bc8
(22... Bd5 $6 23. d7 $14) (22... Be4 23. d7 Rxd7 24. Nd4 Qd6 25. Rxd7 Qxd7 26.
Qxd7 Nxd7 27. Bxe4 Rxe4 28. Rf4 $11) 23. Nd4 (23. Qb3 Qxb3 24. axb3 Rxd6 $15) (
23. Rxa7 Qxd6 $17) (23. Qxa7 Rxd6 $15) 23... Qxd6 24. Qc4 Bd7 25. Rxa7 Rc8 $36)
22... Bd5 $1 23. Nh4 $6 (23. Rd1 $142 Qxd6 (23... Ng4 $4 24. Ng5 $1 $18) (23...
Rxd6 24. Nd4 $11) 24. Nh4 Qe5 (24... Qe6 25. Qa5 Ra8 26. Bxd5 Rxa5 27. Bxe6
Rxe6 28. e3 $11) 25. Bxd5 Rxd5 26. Rxd5 Qxd5 27. Nf5 Qd1+ 28. Rf1 Qxe2 29. Qf2
$11) 23... Rxd6 24. Nf5 (24. Bxd5 Rxd5 25. Ng2 Rd7 $15) 24... Rd7 25. Rc7 (25.
Bxd5 Rxd5 (25... Qxd5 26. Qa6 Ne4 27. Rff1 Ng5 28. h4 Ne4 29. Rc8 $11) 26. Rcf1
Ne4 27. Nxg7 Rd7 28. Nxe6 (28. Qxd7 Qxd7 29. Nxe8 Qxe8 30. Rxf7 $15) 28... Rxa7
29. Nf4 Nxf2 30. Kxf2 Rxa2 $15) 25... Rxc7 26. Qxc7 Bxg2 27. Kxg2 Ne4 (27...
Ng4 28. Qc3 $8 Qe4+ 29. Kg1 $8 Re5 30. Nd6 Qb1+ 31. Rf1 $8 Qb6+ 32. Kh1 Qa6 (
32... Qxd6 33. Qc8+ Qf8 34. Qxg4 Qa8+ $11) 33. Qd3 Qxa2 34. Nxf7 Qxe2 35. Qxe2
Rxe2 36. h4 Rd2 $15) 28. Rf4 $6 (28. Nd4 Qxa2 (28... Qd5 29. Rf5 $8 Qxa2 30.
Qc6 Kf8 $11) 29. Qc6 Kf8 30. Rf5 $11) 28... Ng5 29. Qb7 $138 (29. Qc2 Qd5+ 30.
e4 Nxe4 $17 {->}) 29... Qxe2+ 30. Rf2 Qg4 $1 31. Qb1 $8 (31. Ne7+ Kh7 32. Qb1+
Qe4+ 33. Qxe4+ Nxe4 34. Rxf7 Nd6 $19) 31... Ne4 (31... Kh8 $1 {(.)} 32. Nh4 $8
(32. h4 Ne4 33. Qb5 (33. Qe1 Ra8 34. Re2 Qxf5 35. Rxe4 Rxa2+ 36. Kg1 Qc5+ 37.
Qe3 Qd6 38. Rf4 Qd1+ 39. Rf1 Qc2 40. Rf2 Qxf2+ $19) 33... Rc8 $19) 32... Qh3+
33. Kg1 Qe6 34. Kh1 Qd5+ (34... Ne4 35. Rb2 Qc6 36. Ng2 Nc3 $17) 35. Ng2 Ne4
36. Rb2 Nc3 37. Qf1 Re3 $19) (31... Qc4 32. Qb7 Re2 33. Ne7+ Kh7 34. Qd5 Qa6
35. h4 Ne4 36. Qf5+ Kh8 37. Rxe2 Qxe2+ 38. Kh3 $8 Nf2+ 39. Kg2 Nd1+ 40. Kh3
Qxe7 41. Qc8+ Kh7 42. Qc2+ g6 43. Qxd1 Qe6+ 44. g4 Qxa2 $15) 32. h3 $6 (32. Qb5
$1 Re6 33. h3 Qd1 34. Qb2 Rf6 35. Rf4 Ng5 36. Qd4 Qc2+ 37. Qf2 Qc6+ 38. Kh2 Kh7
$15) 32... Qg5 $1 (32... Qg6 33. Qb5 Re6 34. Rf4 $11) 33. Qb5 (33. h4 Qg4 34.
Qb5 Rd8 $17) 33... Rd8 $1 34. h4 Qf6 (34... Qg4 $5 35. Rf4 $8 Qd1 36. Rf1 $8
Qc2+ (36... Rd2+ 37. Kg1 Qc2 38. Ne3 Qd3 39. Qb8+ Kh7 40. Qf4 Nc3 41. Qf5+ Qxf5
42. Rxf5 f6 $15) 37. Kg1 Qc3 38. Qb3 Qc5+ 39. Qe3 Qxe3+ 40. Nxe3 Nxg3 $17) 35.
Rf4 (35. Rc2 h5 $1 $17) 35... Nc3 $6 (35... Qe6 $17 36. Kf3 (36. Qb3 Rd2+ 37.
Kg1 Qe5 38. Nxh6+ Kh7 39. Ng4 Qa1+ 40. Rf1 Qd4+ 41. Qe3 Nxg3 42. Re1 Ne2+ 43.
Rxe2 Qxg4+ 44. Kf2 Qxh4+ $19) 36... Nf6 37. Qc4 Qd7 38. Nxh6+ Kh7 39. Rxf6 gxf6
40. Ng4 Qd1+ 41. Kg2 Rd2+ 42. Nf2 Kg7 $17) 36. Qb7 (36. Qb2 Rd3 37. Kh3 $15)
36... Qe6 (36... Rd2+ 37. Kh3 $8 Nd5 38. Nxh6+ Qxh6 39. Qxf7+ Kh7 40. Rf5 Nf6
41. Rg5 Rd4 $15) 37. Qb2 (37. Nd4 Qxa2+ 38. Kh3 Qc4 (38... Qd5 39. Qxd5 Nxd5
$17) 39. Nf5 Qe6 40. Qc7 Rd5 41. Qxc3 Rxf5 42. Rxf5 Qxf5+ $17) 37... Qe1 (37...
Rd3 38. Kh2 (38. Qb8+ Kh7 39. Qf8 Qg6 40. Qc5 Ne2 41. Rf3 Rd2 42. Kh3 Qe6 43.
Rf2 Qe4 44. Kh2 Rd1 45. Rg2 Nxg3 46. Kxg3 Rf1 $19) 38... Kh7 39. Qc2 Qxa2 40.
Qxa2 Nxa2 $17) 38. Nd4 $4 (38. Kh3 Kh7 39. Qg2 Rd3 (39... Rd2 40. Rf1 Rxg2 41.
Rxe1 Rxa2 42. Nd6 Ra7 $15) 40. Qf1 Qxf1+ 41. Rxf1 g6 42. Ne7 Kg7 43. Re1 h5 44.
Nc6 Nxa2 $17) (38. Rd4 Rxd4 39. Nxd4 Qe4+ 40. Nf3 Nd1 41. Qd2 Ne3+ 42. Kf2 Ng4+
43. Kg2 Ne5 $17) 38... Nd5 $19 39. Rf2 (39. Rf3 Ne3+ 40. Kh2 (40. Kh3 Rxd4)
40... Rxd4) 39... Ne3+ 40. Kf3 Nd1 (40... Nc4 $19) 0-1